Statistics for 「あ」から始まる市区町村

Click here to take the quiz!

General Stats

  • This quiz has been taken 62 times
  • The average score is 55 of 93

Answer Stats

Answer都道府県% Correct
相生市兵庫県
83%
青森市青森県
81%
あきる野市東京都
79%
会津若松市福島県
79%
秋田市秋田県
79%
明石市兵庫県
77%
安芸市高知県
77%
愛川町神奈川県愛甲郡
75%
安芸高田市広島県
75%
淡路市兵庫県
73%
赤穂市兵庫県
71%
昭島市東京都
71%
阿蘇市熊本県
71%
足寄町北海道足寄郡
69%
朝来市兵庫県
69%
愛西市愛知県
69%
あま市愛知県
69%
足利市栃木県
67%
厚木市神奈川県
67%
旭市千葉県
67%
阿波市徳島県
67%
安城市愛知県
67%
尼崎市兵庫県
67%
芦屋市兵庫県
67%
熱海市静岡県
65%
旭川市北海道
65%
足立区東京都
65%
青ヶ島村東京都
65%
朝霞市埼玉県
63%
愛南町愛媛県南宇和郡
63%
愛荘町滋賀県愛知郡
63%
朝日町三重県三重郡
63%
朝日町山形県西村山郡
63%
赤平市北海道
63%
朝日町富山県下新川郡
63%
厚岸町北海道厚岸郡
62%
芦別市北海道
62%
荒川区東京都
62%
安中市群馬県
62%
安八町岐阜県安八郡
62%
阿賀野市新潟県
62%
姶良市鹿児島県
62%
有田市和歌山県
60%
阿南市徳島県
60%
会津坂下町福島県河沼郡
60%
あわら市福井県
60%
会津美里町福島県大沼郡
60%
奄美市鹿児島県
60%
明日香村奈良県高市郡
58%
赤磐市岡山県
58%
浅口市岡山県
58%
上尾市埼玉県
58%
阿久比町愛知県知多郡
56%
愛別町北海道上川郡
56%
阿久根市鹿児島県
56%
芦北町熊本県葦北郡
56%
綾部市京都府
56%
安曇野市長野県
56%
網走市北海道
56%
有田町佐賀県西松浦郡
54%
天草市熊本県
54%
赤村福岡県田川郡
54%
荒尾市熊本県
54%
藍住町徳島県板野郡
54%
青木村長野県小県郡
54%
綾瀬市神奈川県
52%
朝倉市福岡県
52%
我孫子市千葉県
52%
阿武町山口県阿武郡
52%
安芸太田町広島県山県郡
52%
あさぎり町熊本県球磨郡
52%
阿智村長野県下伊那郡
52%
有田川町和歌山県有田郡
50%
穴水町石川県鳳珠郡
50%
朝日村長野県東筑摩郡
50%
赤井川村北海道余市郡
50%
阿賀町新潟県東蒲原郡
50%
阿見町茨城県稲敷郡
48%
上松町長野県木曽郡
48%
芦屋町福岡県遠賀郡
46%
安堵町奈良県生駒郡
44%
浅川町福島県石川郡
44%
阿南町長野県下伊那郡
44%
安平町北海道勇払郡
44%
海士町島根県隠岐郡
42%
厚沢部町北海道檜山郡
42%
綾町宮崎県東諸県郡
42%
厚真町北海道勇払郡
42%
綾川町香川県綾歌郡
42%
粟国村沖縄県島尻郡
40%
粟島浦村新潟県岩船郡
40%
鰺ヶ沢町青森県西津軽郡
38%
天城町鹿児島県大島郡
35%

Score Distribution

Percentile by Number Answered

Percent of People with Each Score

Your Score History

You have not taken this quiz